laufey songs - sudden death - Statistics

General Stats
  • This quiz has been taken 1,038 times
  • The average score is 7 of 16
Answers on the Grid
Answers color-coded by a green-red scale on the quiz's grid according to % correct below.
sorrow
beautiful stranger
army dreamers
slow down
my love mine all mine
cosmic
letter to my 14 year old self
serendipity
someone new
don't you notice how?
silver lining
beaches
ain't christmas
falling behind
where or when
marigold
in the morning
street by street
california and me
shooting star
hello
santa tell me
let you break my heart again
must be love
above the chinese restaurant
it don't mean a thing (if it ain't got that swing)
bewitched
one love
lucky for you
james
ghosted
while you were sleeping
 
Answer Stats
Answer % Correct
beautiful stranger
80%
falling behind
59%
serendipity
55%
silver lining
55%
bewitched
52%
slow down
49%
let you break my heart again
45%
street by street
43%
above the chinese restaurant
42%
california and me
42%
james
36%
must be love
35%
while you were sleeping
35%
someone new
31%
where or when
30%
ain't christmas
16%
No matching quizzes found
Score Distribution
Percent of People with Each Score
Percentile by Number Answered
Your Score History
You have not taken this quiz